Countries with the most deployable soldiers - Statistics

General Stats
  • This quiz has been taken 36 times
  • The average score is 12 of 15
Answer Stats
Deployable soldiers Country % Correct
500.385.906 China
100%
612.294.903 India
100%
55.466.222 Russia
100%
124.480.622 United States
96%
92.855.375 Brazil
89%
98.748.781 Pakistan
86%
115.663.076 Indonesia
82%
55.615.928 Mexico
82%
48.363.377 Egypt
79%
50.620.145 Philippines
75%
77.582.376 Bangladesh
71%
83.997.291 Nigeria
68%
42.515.815 Vietnam
64%
50.975.070 Ethiopia
57%
46.110.075 Democratic republic of Congo
32%
No matching quizzes found
Score Distribution
Percent of People with Each Score
Percentile by Number Answered
Your Score History
You have not taken this quiz